000 00600cam a22002053a 4500
001 35329
003 PGUSA
005 20140828083748.0
008 110219s2011||||xxu|||||s|||||000 | eng d
040 _aPGUSA
_beng
042 _adc
100 1 _aMacLean, J. P.
_q(John Patterson),
_d1848-1939
245 1 2 _aA Manual of the Antiquity of Man
_h[electronic resource] /
_cJ. P. MacLean
260 _bProject Gutenberg,
_c2011
506 _aPublic domain in the USA.
516 _aElectronic text
830 0 _aProject Gutenberg
_v35329
856 4 0 _uhttp://www.gutenberg.org/ebooks/35329
942 _cEB
999 _c264584
_d264584